[Event "DSOL 08 Liga Gr-D 1st"]
[Site "Playchess.com INT"]
[Date "2020.07.27"]
[Round "6.2"]
[White "Krueger, Max"]
[Black "Serebryakov, Philipp"]
[Result "1-0"]
[WhiteElo "1277"]
[BlackElo "1168"]
[PlyCount "31"]
[EventDate "2020.06.22"]
[EventType "team-tourn (rapid)"]
[EventCountry "GER"]
[SourceTitle "EXT 2021"]
[Source "ChessBase"]
[SourceDate "2020.10.23"]
[SourceVersion "1"]
[SourceVersionDate "2020.10.23"]
[SourceQuality "1"]
[WhiteTeam "Plochingen II"]
[BlackTeam "Niederkassel II"]
[WhiteTeamCountry "GER"]
[BlackTeamCountry "GER"]

1. e4 c5 2. Nf3 d6 3. Nc3 Nc6 4. Bb5 Bd7 5. 0-0 a6 6. Ba4 b5 7. Nxb5 axb5 8. Bxb5 Rb8 9. Bc4 g6 10. Ng5 e6 11. d3 Ne5 12. Bb3 Bh6 13. f4 Bxg5 14. fxe5 Bxc1 15. Qf3 Bxb2 16. Qxf7# 1-0